FOOD AND BEVERAGE MANAGEMENT (Record no. 15890)
[ view plain ]
| 000 -LEADER | |
|---|---|
| fixed length control field | 00297nam a22001457a 4500 |
| 003 - CONTROL NUMBER IDENTIFIER | |
| control field | SGT |
| 020 ## - INTERNATIONAL STANDARD BOOK NUMBER | |
| International Standard Book Number | 0080966705 |
| 082 ## - DEWEY DECIMAL CLASSIFICATION NUMBER | |
| Classification number | 641.2 |
| Item number | DAV |
| 100 ## - MAIN ENTRY--PERSONAL NAME | |
| Personal name | DAVIS, BERNARD |
| 245 ## - TITLE STATEMENT | |
| Title | FOOD AND BEVERAGE MANAGEMENT |
| 250 ## - EDITION STATEMENT | |
| Edition statement | 6TH |
| 260 ## - PUBLICATION, DISTRIBUTION, ETC. (IMPRINT) | |
| Name of publisher, distributor, etc | ROUTLEDGE |
| Year of Publication | 2018 |
| 300 ## - PAGE DESCRIPTION | |
| No. of Pages | 379 |
| 942 ## - ADDED ENTRY ELEMENTS (KOHA) | |
| Source of classification or shelving scheme | Dewey Decimal Classification |
| Koha item type | Books |
| Withdrawn status | Lost status | Source of classification or shelving scheme | Damaged status | Not for loan | Collection code | Home library | Current library | Shelving location | Date acquired | Vendor Name | Cost, normal purchase price | SGTU | Total Checkouts | Full call number | Accession No. (Barcode) | Date last seen | Bill Date | Koha item type | Date last borrowed |
|---|---|---|---|---|---|---|---|---|---|---|---|---|---|---|---|---|---|---|---|
| Dewey Decimal Classification | HOTEL MANAGEMENT | SGT Science & Social Sciences Library | SGT Science & Social Sciences Library | Text Book | 30/08/2018 | JINDAL BOOK COMPANY | 895.00 | SGTU | 641.2 DAV | HM851 | 30/08/2018 | 30/08/2018 | Books | ||||||
| Dewey Decimal Classification | HOTEL MANAGEMENT | SGT Science & Social Sciences Library | SGT Science & Social Sciences Library | Text Book | 30/08/2018 | JINDAL BOOK COMPANY | 895.00 | SGTU | 641.2 DAV | HM852 | 30/08/2018 | 30/08/2018 | Books | ||||||
| Dewey Decimal Classification | HOTEL MANAGEMENT | SGT Science & Social Sciences Library | SGT Science & Social Sciences Library | Text Book | 30/08/2018 | JINDAL BOOK COMPANY | 895.00 | SGTU | 641.2 DAV | HM853 | 30/08/2018 | 30/08/2018 | Books | ||||||
| Dewey Decimal Classification | HOTEL MANAGEMENT | SGT Science & Social Sciences Library | SGT Science & Social Sciences Library | Text Book | 30/08/2018 | JINDAL BOOK COMPANY | 895.00 | SGTU | 1 | 641.2 DAV | HM854 | 19/12/2018 | 30/08/2018 | Books | 12/11/2018 | ||||
| Dewey Decimal Classification | HOTEL MANAGEMENT | SGT Science & Social Sciences Library | SGT Science & Social Sciences Library | Text Book | 30/08/2018 | JINDAL BOOK COMPANY | 895.00 | SGTU | 641.2 DAV | HM855 | 30/08/2018 | 30/08/2018 | Books |